[Event "2023 U.S. Blind Open Championship"]
[Site "Elmhurst, IL"]
[Date "2023.07.21"]
[Round "1"]
[White "Barrasso, Alex"]
[Black "Crosswhite, Donald"]
[Result "1/2-1/2"]
[WhiteElo "1706"]
[BlackElo "1299"]
[PlyCount "113"]
[EventDate "2023.07.21"]
[EventType "swiss"]
[EventRounds "6"]
[EventCountry "USA"]
[SourceVersionDate "2023.07.21"]

{[%evp 0,58,25,16,75,77,59,54,74,78,92,99,114,84,73,77,78,56,50,55,59,37,27,27,24,-13,43,51,48,48,53,18,43,68,56,9,24,-47,3,-35,20,29,28,27,56,56,59,66,97,90,103,80,88,81,149,148,147,147,142,134,128]} 1. e4 d6 2. d4 Nf6 3. Nc3 c6 4. Nf3 Qa5 5. Bd2 Qc7 6. Be2 e5 7. O-O Be7 8. b4 O-O 9. b5 Nbd7 10. bxc6 bxc6 11. Rb1 Rb8 12. Rb3 Rxb3 13. axb3 Bb7 14. Qa1 Ra8 15. dxe5 Nxe5 16. Nxe5 dxe5 17. Bc4 Bb4 18. Qa4 a5 19. Nb1 Bxd2 20. Nxd2 Rd8 21. Bd3 c5 22. f3 Bc6 23. Qa3 Bb7 24. Nc4 Ra8 25. Qb2 Nd7 26. Ra1 Ba6 27. Rxa5 Bb7 28. Qa1 Rxa5 29. Qxa5 Qxa5 30. Nxa5 Ba8 31. Ba6 f6 32. Bb7 Nb6 33. Bxa8 Nxa8 34. Nb7 c4 35. bxc4 Kf7 36. Kf2 Ke7 37. Ke3 Kd7 38. Nc5+ Kc6 39. Nb3 Nb6 40. Kd3 Na4 41. h3 g5 42. Nd2 Kc5 43. c3 h5 44. Kc2 h4 45. Kb3 Nb6 46. Kc2 Na4 47. Nf1 Kxc4 48. Ne3+ Kb5 49. Ng4 Kc4 50. Nxf6 Nxc3 51. Nh7 Kd4 52. Nxg5 Ne2 53. Ne6+ Ke3 54. Kb3 Kf2 55. Ng5 Kxg2 56. Kc4 Nf4 57. Kc5 1/2-1/2

[Event "2023 U.S. Blind Open Championship"]
[Site "Elmhurst, IL"]
[Date "2023.07.21"]
[Round "1"]
[White "Rosenkoetter, David"]
[Black "Lauser, Jessica"]
[Result "0-1"]
[WhiteElo "994"]
[BlackElo "1713"]
[PlyCount "54"]
[EventDate "2023.07.21"]
[EventType "swiss"]
[EventRounds "6"]
[EventCountry "USA"]
[SourceVersionDate "2023.07.21"]

{[%evp 0,54,25,16,16,18,20,22,18,13,16,-14,0,-10,3,-43,-36,-39,-47,-63,-34,-52,-27,-69,-49,-34,-58,-78,-29,-9,-28,-48,-29,-140,-227,-239,-238,-411,-429,-568,-375,-420,-451,-477,-487,-725,-738,-938,-937,-1096,-1146,-29987,-29990,-29991,-29992,-29995,-29994]} 1. e4 e5 2. Bc4 Nf6 3. d3 Be7 4. Nf3 c6 5. a4 O-O 6. O-O d5 7. exd5 cxd5 8. Bb3 Nc6 9. c3 Bg4 10. Re1 Qc7 11. Bc2 Rad8 12. h3 Bh5 13. Qe2 Bd6 14. Bg5 Rfe8 15. Bxf6 gxf6 16. Kh1 e4 17. dxe4 dxe4 18. Qb5 exf3 19. Bxh7+ Kf8 20. Nd2 fxg2+ 21. Kxg2 Ne5 22. Re3 a6 23. Qb3 Bc5 24. c4 Rxd2 25. Rg3 Rxf2+ 26. Kh1 Qc6+ 27. Rf3 Nxf3 0-1

[Event "2023 U.S. Blind Open Championship"]
[Site "Elmhurst, IL"]
[Date "2023.07.21"]
[Round "2"]
[White "Bland, Marilyn"]
[Black "Rosenkoetter, David"]
[Result "0-1"]
[WhiteElo "284"]
[BlackElo "994"]
[PlyCount "76"]
[EventDate "2023.07.21"]
[EventType "swiss"]
[EventRounds "6"]
[EventCountry "USA"]
[SourceVersionDate "2023.07.21"]

1. d4 Nf6 2. Nf3 e6 3. Bf4 b6 4. e3 Bb7 5. Nc3 Bb4 6. Be2 O-O 7. O-O Bxc3 8. bxc3 d5 9. Rb1 Nbd7 10. Bg5 Rc8 11. Rb4 h6 12. Bh4 Qe7 13. Qd3 c5 14. dxc5 Nxc5 15. Qd4 Nce4 16. Rb3 Rc5 17. Ra3 a5 18. Bxf6 Qxf6 19. Qxf6 Nxf6 20. Rb3 Ne4 21. Rd1 Nxc3 22. Ra1 Nxe2+ 23. Kf1 Rxc2 24. Rxb6 Rb8 25. a4 Rc1+ 26. Rxc1 Nxc1 27. Rb5 Ba6 28. g3 Bxb5+ 29. axb5 Rxb5 30. Nd2 a4 31. Ke1 a3 32. Kd1 Nb3 33. Nb1 a2 34. Kc2 a1=Q 35. h4 Qa2+ 36. Kc3 Qxb1 37. f3 Nc5 38. Kd4 Qb2# 0-1

[Event "2023 U.S. Blind Open Championship"]
[Site "Elmhurst, IL"]
[Date "2023.07.21"]
[Round "2"]
[White "Lauser, Jessica"]
[Black "Barrasso, Alex"]
[Result "0-1"]
[WhiteElo "1713"]
[BlackElo "1706"]
[PlyCount "140"]
[EventDate "2023.07.21"]
[EventType "swiss"]
[EventRounds "6"]
[EventCountry "USA"]
[SourceVersionDate "2023.07.21"]

1. e4 e5 2. d3 Nf6 3. Nd2 Nc6 4. Ngf3 Bc5 5. h3 d5 6. g3 O-O 7. Qe2 Re8 8. Bg2 Bd7 9. O-O Qc8 10. Kh2 h6 11. c3 a5 12. Nxe5 Rxe5 13. f4 Re8 14. e5 Nh7 15. a4 Nf8 16. Nb3 Bb6 17. d4 Ne7 18. g4 c6 19. Be3 Be6 20. Qd3 Nd7 21. f5 Nxe5 22. Qc2 Bd7 23. Rae1 Nc4 24. Bg1 Bc7+ 25. Kh1 Bg3 26. Re2 Qc7 27. Qd3 Rad8 28. Rf3 Bh4 29. Nc1 Bg5 30. Na2 Nc8 31. b3 Rxe2 32. Qxe2 Re8 33. Qd3 Nd2 34. Rf2 Re3 35. Qxd2 Rxh3+ 36. Bxh3 Bxd2 37. Rxd2 Qg3 38. Rh2 Qf3+ 39. Bg2 Qxg4 40. f6 Qg6 41. c4 dxc4 42. bxc4 Qxf6 43. Nc3 Nd6 44. c5 Nf5 45. Ne4 Qe7 46. Bf2 Be6 47. Nc3 Qg5 48. Ne2 Qd2 49. Bf3 Bc4 50. Ng1 Nxd4 51. Bg3 Qe3 52. Bf2 Qe5 53. Bg2 Bd5 54. Bxd5 Qxd5+ 55. Rg2 Qxc5 56. Nf3 Qh5+ 57. Nh2 Qd1+ 58. Bg1 Ne2 59. Ng4 Nxg1 60. Rxg1 Qd5+ 61. Rg2 Kf8 62. Kh2 Qc4 63. Ne3 Qxa4 64. Rg4 Qa2+ 65. Kg3 Qb3 66. Re4 a4 67. Kf4 a3 68. Nf5 a2 69. Nd6 g5+ 70. Kg4 Qd1+ 0-1

[Event "2023 U.S. Blind Open Championship"]
[Site "Elmhurst, IL"]
[Date "2023.07.22"]
[Round "3"]
[White "Barrasso, Alex"]
[Black "Bland, Marilyn"]
[Result "1-0"]
[WhiteElo "1706"]
[BlackElo "284"]
[PlyCount "63"]
[EventDate "2023.07.21"]
[EventType "swiss"]
[EventRounds "6"]
[EventCountry "USA"]
[SourceVersionDate "2023.07.21"]

1. e4 d6 2. d4 Nf6 3. Nc3 e6 4. Nf3 Be7 5. Bd3 c5 6. O-O O-O 7. e5 dxe5 8. dxe5 Nd5 9. Ne4 b6 10. a3 Nd7 11. Re1 f6 12. exf6 N7xf6 13. Neg5 Qc7 14. Nxe6 Bxe6 15. Rxe6 Rf7 16. Bc4 Rd8 17. Ng5 Rff8 18. Qe2 Nf4 19. Rxe7+ Kh8 20. Rxc7 Nxe2+ 21. Bxe2 Rde8 22. Be3 h6 23. Nf7+ Kg8 24. Bc4 Rd8 25. Nxd8+ Kh8 26. Ne6 Re8 27. Nxg7 Re4 28. Bd3 Re5 29. Bxh6 Rh5 30. Rc8+ Ng8 31. Nxh5 a5 32. Bg7# 1-0

[Event "2023 U.S. Blind Open Championship"]
[Site "Elmhurst, IL"]
[Date "2023.07.22"]
[Round "3"]
[White "Lauser, Jessica"]
[Black "Crosswhite, Donald"]
[Result "1/2-1/2"]
[WhiteElo "1713"]
[BlackElo "1299"]
[PlyCount "122"]
[EventDate "2023.07.21"]
[EventType "swiss"]
[EventRounds "6"]
[EventCountry "USA"]
[SourceVersionDate "2023.07.21"]

1. e4 d6 2. Nc3 Nf6 3. d3 c6 4. Nf3 e5 5. h3 Be7 6. Be3 Qc7 7. Be2 Be6 8. O-O O-O 9. Nh2 Nbd7 10. Qd2 d5 11. Bg5 Bb4 12. a3 Bxc3 13. Qxc3 dxe4 14. f3 Nd5 15. Qe1 f6 16. Bc1 Qb6+ 17. Rf2 e3 18. Rf1 f5 19. c4 Nf4 20. Kh1 Nxe2 21. Qxe2 f4 22. b4 c5 23. b5 a6 24. Rb1 axb5 25. Rxb5 Qc7 26. Qb2 b6 27. Re1 Ra5 28. Rb3 Qd6 29. Qc2 Bf5 30. Bb2 Re8 31. Qe2 Nf6 32. Rd1 Nh5 33. Nf1 Raa8 34. Bc3 Rad8 35. Be1 Re6 36. h4 Qd4 37. a4 Red6 38. a5 bxa5 39. Bxa5 Ra8 40. Be1 Rg6 41. Bc3 Qd6 42. g4 fxg3 43. Nxe3 Nf4 44. Qb2 Nxd3 45. Bxe5 Nxb2 46. Rxd6 Rxd6 47. Bxd6 Nxc4 48. Bxc5 Nxe3 49. Rxe3 Bh3 50. Re1 Rc8 51. Bd6 Rc2 52. Bxg3 Bg2+ 53. Kg1 Bxf3 54. Bf2 Bh5 55. Re3 Kf7 56. Kg2 Kf6 57. Kg3 g5 58. hxg5+ Kxg5 59. Re5+ Kg6 60. Be3 Bd1 61. Rg5+ Kf6 1/2-1/2

[Event "2023 U.S. Blind Open Championship"]
[Site "Elmhurst, IL"]
[Date "2023.07.22"]
[Round "4"]
[White "Crosswhite, Donald"]
[Black "Bland, Marilyn"]
[Result "1-0"]
[WhiteElo "1299"]
[BlackElo "284"]
[PlyCount "93"]
[EventDate "2023.07.21"]
[EventType "swiss"]
[EventRounds "6"]
[EventCountry "USA"]
[SourceVersionDate "2023.07.21"]

{[%evp 0,26,26,13,9,28,61,62,81,80,65,63,105,105,112,38,116,104,110,106,115,95,116,120,120,120,175,188,405]} 1. e4 e5 2. Nf3 d6 3. d4 Nc6 4. dxe5 dxe5 5. Qxd8+ Nxd8 6. Nxe5 Nf6 7. Bg5 Be7 8. Bd3 Be6 9. O-O h6 10. Bh4 Nc6 11. Nxc6 bxc6 12. Nc3 O-O 13. e5 g5 14. exf6 Bxf6 15. Bg3 Rac8 16. Rad1 Rfe8 17. Ba6 Rb8 18. Bxc7 Rxb2 19. Ne4 Bg7 20. Nc5 Bxa2 21. Rd8 Rf8 22. Bd3 Rb7 23. Nxb7 Be6 24. Nc5 Bg4 25. Rxf8+ Kxf8 26. h3 Bh5 27. g4 Bg6 28. Bxg6 fxg6 29. Ne6+ Kf7 30. Nxg7 Kxg7 31. Ra1 h5 32. Rxa7 hxg4 33. hxg4 Kf6 34. f4 gxf4 35. Bxf4 g5 36. Be3 Ke5 37. Bxg5 Kd5 38. Be3 c5 39. g5 Kc4 40. g6 Kb4 41. Bxc5+ Kxc5 42. g7 Kc4 43. g8=Q+ Kc3 44. Qd8 Kxc2 45. Rc7+ Kb2 46. Qb8+ Ka2 47. Ra7# 1-0

[Event "2023 U.S. Blind Open Championship"]
[Site "Elmhurst, IL"]
[Date "2023.07.22"]
[Round "4"]
[White "Rosenkoetter, David"]
[Black "Barrasso, Alex"]
[Result "0-1"]
[WhiteElo "994"]
[BlackElo "1706"]
[PlyCount "58"]
[EventDate "2023.07.21"]
[EventType "swiss"]
[EventRounds "6"]
[EventCountry "USA"]
[SourceVersionDate "2023.07.21"]

{[%evp 0,35,25,16,10,25,17,14,14,61,3,-2,36,22,17,23,18,-9,30,12,13,-32,-14,-9,-15,-25,-33,-58,-40,-49,-51,-265,-218,-216,-77,-168,-160,-160]} 1. e4 e5 2. Nf3 Nc6 3. Bc4 Bc5 4. c3 Nf6 5. d3 d5 6. exd5 Nxd5 7. O-O O-O 8. b4 Bb6 9. a4 a6 10. Ba3 Re8 11. Re1 Bg4 12. Ra2 Qd7 13. b5 axb5 14. axb5 Na5 15. Re4 Nxc4 16. dxc4 Bxf3 17. Qxf3 Nf6 18. Re1 e4 19. Qd1 Qf5 20. Qe2 Rad8 21. c5 Bxc5 22. Bxc5 Qxc5 23. c4 Rd3 24. Rd2 Red8 25. Red1 Qxc4 26. Rxd3 exd3 27. Na3 Qc3 28. Nc2 Rd7 29. Ne1 dxe2 0-1

[Event "2023 U.S. Blind Open Championship"]
[Site "Elmhurst, IL"]
[Date "2023.07.23"]
[Round "5"]
[White "Bland, Marilyn"]
[Black "Lauser, Jessica"]
[Result "0-1"]
[WhiteElo "284"]
[BlackElo "1713"]
[Annotator "Relyea,Alex"]
[PlyCount "60"]
[EventDate "2023.07.21"]
[EventType "swiss"]
[EventRounds "6"]
[EventCountry "USA"]
[SourceVersionDate "2023.07.21"]

{[%evp 0,60,25,26,18,18,11,20,39,41,39,17,46,25,28,9,-14,-24,-26,-41,-40,-50,-50,-55,-48,-44,-48,-48,-50,-46,-44,-40,-31,-52,-43,-49,-23,-50,-50,-61,-63,-69,-64,-63,-63,-143,-144,-162,-172,-172,-170,-182,-171,-178,-149,-298,-292,-308,-308,-295,-205,-173,-169]} 1. d4 Nf6 2. Nf3 d5 3. Bf4 g6 4. e3 Bg7 5. Nbd2 Nbd7 6. Be2 O-O 7. O-O Nh5 8. Bg3 Nxg3 9. hxg3 e5 10. dxe5 Nxe5 11. c3 c6 12. Nxe5 Bxe5 13. Nf3 Bg7 14. Qb3 Qc7 15. Rad1 b6 16. Qb4 Bb7 17. Qh4 h6 18. g4 Rae8 19. g5 Re4 20. Qh3 Bc8 21. Qh1 h5 22. b3 Bxc3 23. Rd3 Bb4 24. Rd4 Rfe8 25. Rfd1 Bd6 26. g3 Bxg3 27. Qg2 Bd6 28. Rxe4 Rxe4 29. Rd4 Bg4 30. Rxe4 dxe4 {Time.} 0-1

[Event "2023 U.S. Blind Open Championship"]
[Site "Elmhurst, IL"]
[Date "2023.07.23"]
[Round "6"]
[White "Barrasso, Alex"]
[Black "Lauser, Jessica"]
[Result "1-0"]
[WhiteElo "1706"]
[BlackElo "1713"]
[PlyCount "97"]
[EventDate "2023.07.21"]
[EventType "swiss"]
[EventRounds "6"]
[EventCountry "USA"]
[SourceVersionDate "2023.07.21"]

1. e4 d6 2. d4 c6 3. Nf3 Qc7 4. Nc3 Nd7 5. Bd3 e5 6. O-O Ngf6 7. h3 h6 8. Be3 Be7 9. a4 a5 10. Qd2 Nf8 11. Nh2 g5 12. f3 Ng6 13. dxe5 dxe5 14. Qf2 Be6 15. Bb6 Qc8 16. Rfd1 Nh5 17. Bf1 g4 18. Nxg4 Bh4 19. Qd2 Nhf4 20. Ne2 h5 21. Nxf4 exf4 22. Nh2 O-O 23. Bf2 Bg3 24. Qe1 Qc7 25. Bd3 Rae8 26. Nf1 h4 27. Nxg3 hxg3 28. Bc5 Ne5 29. Be2 Qc8 30. Qf1 Kg7 31. Bxf8+ Rxf8 32. Rd6 Bxh3 33. gxh3 Rh8 34. Rad1 b5 35. axb5 cxb5 36. c3 Qc5+ 37. R1d4 Qc8 38. R4d5 Ng6 39. Rd7 Nh4 40. Rg5+ Kf6 41. Rdd5 g2 42. Qf2 Ng6 43. Qd4+ Ke7 44. Rxg6 fxg6 45. Re5+ Kf7 46. Qd5+ Kg7 47. Re7+ Kh6 48. Kxg2 b4 49. h4 1-0

[Event "2023 U.S. Blind Open Championship"]
[Site "Elmhurst, IL"]
[Date "2023.07.23"]
[Round "6"]
[White "Rosenkoetter, David"]
[Black "Crosswhite, Donald"]
[Result "0-1"]
[WhiteElo "994"]
[BlackElo "1299"]
[Annotator "Relyea,Alex"]
[PlyCount "102"]
[EventDate "2023.07.21"]
[EventType "swiss"]
[EventRounds "6"]
[EventCountry "USA"]
[SourceVersionDate "2023.07.21"]

{[%evp 0,88,25,16,75,77,59,54,74,36,49,-32,-34,-34,-48,-63,-24,-27,-45,-59,-40,-84,-74,-102,-82,-134,-136,-150,-138,-183,-199,-219,-169,-170,-137,-137,-135,-164,-154,-138,-134,-203,-126,-379,-391,-745,-511,-960,-511,-502,-507,-524,-515,-580,-533,-618,-594,-657,-676,-675,-660,-724,-669,-740,-760,-782,-760,-841,-656,-669,-656,-658,-841,-857,-858,-888,-934,-1009,-1260,-1176,-1611,-1721,-1765,-1798,-1779,-1864,-927,-966,-955,-961,-1648]} 1. e4 d6 2. d4 Nf6 3. Nc3 c6 4. f4 Qa5 5. Nf3 Nxe4 6. Bd2 Nxd2 7. Qxd2 Qc7 8. Bc4 d5 9. Bb3 Bf5 10. O-O-O Nd7 11. Ne5 e6 12. Nxd7 Qxd7 13. Na4 Be7 14. Qa5 O-O 15. Nc5 Bxc5 16. Qxc5 Qc7 17. g3 b6 18. Qc3 Rac8 19. Qe3 c5 20. Qe5 cxd4 21. Qxd4 Bxc2 22. Qc3 Bxd1 23. Rxd1 Qxc3+ 24. bxc3 Rxc3+ 25. Kb2 Rfc8 26. a4 a6 27. Rh1 Re3 28. Rf1 Re2+ 29. Ka3 Rxh2 30. f5 a5 31. fxe6 fxe6 32. Re1 Rc6 33. Bd1 Rh3 34. Re3 d4 35. Rd3 Rc3+ 36. Rxc3 dxc3 37. Bb3 Rxg3 38. Bxe6+ Kf8 39. Kb3 h5 40. Bc4 h4 41. Bd5 h3 42. Kc2 Rg2+ 43. Kxc3 Rg1 44. Kc4 h2 45. Kb5 Rg5 46. Kxb6 Rxd5 47. Ka6 h1=Q 48. Kb6 Qh6+ 49. Kc7 Qe6 50. Kb7 Rd7+ 51. Kc8 Qe8# 0-1

[Event "2023 U.S. Blind Open Championship Extra Rated Games"]
[Site "Elmhurst, IL"]
[Date "2023.07.21"]
[Round "1"]
[White "Bland, Marilyn"]
[Black "Sharma, Vedant"]
[Result "1/2-1/2"]
[WhiteElo "284"]
[BlackElo "413"]
[PlyCount "96"]
[EventDate "2023.07.21"]
[EventRounds "6"]
[EventCountry "USA"]
[SourceVersionDate "2023.07.21"]

1. d4 d5 2. Nf3 Nc6 3. Bf4 Nf6 4. e3 Bf5 5. c3 e6 6. Be2 Bd6 7. Bxd6 Qxd6 8. O-O Bg4 9. Nbd2 Ne4 10. Rc1 Nxd2 11. Qxd2 Bxf3 12. Bxf3 O-O-O 13. g3 h5 14. Rfe1 h4 15. gxh4 Rxh4 16. Kf1 Rxh2 17. Ke2 Ne7 18. Rg1 Qa6+ 19. Ke1 Nf5 20. b3 Rdh8 21. e4 Ng3 22. exd5 Nh1 23. Bxh1 Rxh1 24. Qg5 f6 25. Qxg7 exd5 26. Kd2 Re8 27. Qg4+ Kb8 28. Rxh1 Qxa2+ 29. Rc2 Qxb3 30. Re1 Rf8 31. Qd7 a6 32. Re8+ Rxe8 33. Qxe8+ Ka7 34. Qe6 Qb6 35. Qxd5 c6 36. Qe4 Qb5 37. Qe3 f5 38. d5+ Kb8 39. d6 Qd5+ 40. Kc1 Qxd6 41. Rd2 Qa3+ 42. Kc2 Qa5 43. Qe8+ Ka7 44. Rd8 Qa2+ 45. Kd3 b5 46. Ra8+ Kb6 47. Rb8+ Ka5 48. Qxc6 Qxf2 1/2-1/2

[Event "2023 U.S. Blind Open Championship Extra Rated Games"]
[Site "Elmhurst, IL"]
[Date "2023.07.21"]
[Round "2"]
[White "Crosswhite, Donald"]
[Black "Mrkvicka, Dakodah"]
[Result "1-0"]
[WhiteElo "1299"]
[BlackElo "1125"]
[PlyCount "107"]
[EventDate "2023.07.21"]
[EventRounds "6"]
[EventCountry "USA"]
[SourceVersionDate "2023.07.21"]

1. e4 c6 2. Nc3 d5 3. d4 dxe4 4. Nxe4 Bf5 5. Ng3 g6 6. Nxf5 gxf5 7. Nf3 e6 8. Bc4 h6 9. O-O Nd7 10. a4 c5 11. Be3 Bg7 12. dxc5 Bxb2 13. Rb1 Ba3 14. Rxb7 Ngf6 15. Bb5 a6 16. Bxd7+ Nxd7 17. c6 Nc5 18. Qxd8+ Rxd8 19. Bxc5 Bxc5 20. c7 Rc8 21. Rb8 Ke7 22. Rfb1 Bd6 23. g3 Bxc7 24. Rxc8 Rxc8 25. Rb7 Kf6 26. Ra7 a5 27. c4 Bd8 28. Nd2 Rc5 29. Kf1 h5 30. h4 Kg6 31. Rb7 Rc7 32. Rxc7 Bxc7 33. c5 Kf6 34. Ke2 Ke5 35. Kd3 Kd5 36. Nb3 e5 37. c6 e4+ 38. Ke3 Kxc6 39. Nd4+ Kc5 40. Nxf5 Kb4 41. Kxe4 Kxa4 42. Nd4 Kb4 43. Nc6+ Kc5 44. Nxa5 Bxa5 45. Kf5 Bd2 46. Kf6 Kd5 47. Kxf7 Ke5 48. Kg6 Be1 49. Kxh5 Bxf2 50. g4 Bxh4 51. Kxh4 Kf6 52. Kh5 Kg7 53. Kg5 Kg8 54. Kg6 1-0

[Event "2023 U.S. Blind Open Championship Extra Rated Games"]
[Site "Elmhurst, IL"]
[Date "2023.07.21"]
[Round "2"]
[White "Sharma, Vedant"]
[Black "Dudley, Michael"]
[Result "0-1"]
[WhiteElo "413"]
[BlackElo "1522"]
[Annotator "Relyea,Alex"]
[PlyCount "54"]
[EventDate "2023.07.21"]
[EventRounds "6"]
[EventCountry "USA"]
[SourceVersionDate "2023.07.21"]

{[%evp 0,40,25,25,56,53,54,16,16,3,37,11,10,-15,-9,-72,-72,-397,-383,-425,-428,-463,-458,-521,-521,-882,-762,-944,-853,-853,-853,-892,-888,-918,-900,-897,-881,-958,-874,-956,-917,-1110,-1020]} 1. e4 c5 2. Nf3 e6 3. Bc4 Nc6 4. d3 Be7 5. Nc3 Nf6 6. e5 Ng4 7. O-O Ngxe5 8. d4 Nxc4 9. Re1 cxd4 10. Nxd4 O-O 11. Qg4 Nxd4 12. Bh6 Nf5 13. Nb5 Nxh6 14. Qxc4 d5 15. Qd3 Qb6 16. Nd4 Bf6 17. Nf3 Bd7 18. a4 Rac8 19. a5 Qxb2 20. Rab1 Qxc2 21. Qe3 Rc7 22. Qxa7 Rfc8 23. h3 Bc6 24. Rbc1 Qa4 25. Ra1 Bxa1 26. Qc5 Bb5 27. Qc1 Rxc1 0-1

[Event "2023 U.S. Blind Open Championship Extra Rated Games"]
[Site "Elmhurst, IL"]
[Date "2023.07.22"]
[Round "4"]
[White "Pudlo, Jacob"]
[Black "Lauser, Jessica"]
[Result "0-1"]
[WhiteElo "654"]
[BlackElo "1713"]
[Annotator "Relyea,Alex"]
[PlyCount "58"]
[EventDate "2023.07.21"]
[EventRounds "6"]
[EventCountry "USA"]
[SourceVersionDate "2023.07.21"]

{[%evp 0,27,25,16,10,25,44,68,91,-26,-8,-29,52,-15,-14,-64,-31,-53,-31,-267,-205,-213,-190,-186,-193,-637,-626,-626,-517,-502]} 1. e4 e5 2. Nf3 d5 3. exd5 e4 4. Ng1 Qxd5 5. Nc3 Qe5 6. Bb5+ c6 7. Ba4 Nf6 8. Qe2 Bd6 9. b3 O-O 10. b4 Bg4 11. f3 exf3 12. Qxe5 fxg2 13. Qxd6 gxh1=Q 14. Qg3 Nbd7 15. Bb2 Rae8+ 16. Kf2 Ne4+ 17. Nxe4 Qxe4 18. h3 f5 19. Bb3+ Kh8 20. Qc3 Ne5 21. Re1 Nd3+ 22. cxd3 Qxe1+ 23. Kg2 Bxh3+ 24. Kxh3 Qxg1 25. Qd4 Qh1+ 26. Kg3 f4+ 27. Kf2 Qe1+ 28. Kg2 Qg3+ 29. Kf1 Re1# 0-1

[Event "2023 U.S. Blind Open Championship Extra Rated Games"]
[Site "Elmhurst, IL"]
[Date "2023.07.23"]
[Round "6"]
[White "Bland, Marilyn"]
[Black "Ladan, Dorin"]
[Result "0-1"]
[WhiteElo "284"]
[BlackElo "1109"]
[PlyCount "82"]
[EventDate "2023.07.21"]
[EventRounds "6"]
[EventCountry "USA"]
[SourceVersionDate "2023.07.21"]

1. d4 d5 2. Nf3 Bg4 3. h3 Bh5 4. Bf4 e6 5. Nc3 Bb4 6. a3 Ba5 7. e3 Nf6 8. Be2 Bg6 9. O-O h6 10. Nb5 O-O 11. Rc1 Nbd7 12. b4 Bb6 13. c4 c6 14. Nc7 Bxc7 15. Bxc7 Qxc7 16. cxd5 Nxd5 17. b5 N7f6 18. bxc6 bxc6 19. Re1 a5 20. Bd3 Ne4 21. Ne5 Nec3 22. Rxc3 Nxc3 23. Qd2 Ne4 24. Qc2 Rac8 25. Bxe4 f5 26. Nxg6 fxe4 27. Nxf8 Rxf8 28. Qxe4 Qd6 29. Qe5 Qxa3 30. Qxe6+ Kh8 31. Qxc6 a4 32. f3 Qb4 33. Qc5 Qxe1+ 34. Kh2 Ra8 35. Qc6 Ra5 36. Qc8+ Kh7 37. Qc4 a3 38. d5 a2 39. d6 a1=Q 40. Qe6 Rg5 41. h4 Qg3# 0-1

[Event "2023 U.S. Blind Open Championship"]
[Site "Elmhurst, IL"]
[Date "2023.07.23"]
[Round "5"]
[White "Crosswhite, Donald"]
[Black "Rosenkoetter, David"]
[Result "1/2-1/2"]
[WhiteElo "1299"]
[BlackElo "994"]
[PlyCount "121"]
[EventDate "2023.07.21"]
[EventType "swiss"]
[EventRounds "6"]
[EventCountry "USA"]
[SourceVersionDate "2023.07.21"]

{[%evp 0,82,25,25,82,58,53,44,42,40,39,28,27,1,2,1,-16,-12,21,6,0,-16,-24,-18,73,0,0,0,74,75,74,0,0,0,0,0,84,84,65,-49,90,36,36,36,36,36,38,38,38,26,38,15,28,-49,-3,-8,47,51,54,64,118,113,143,22,30,15,20,4,-7,-11,-11,-11,64,-26,-13,-76,-77,-70,-42,-69,-42,-29,0,0,527]} 1. e4 c6 2. Nf3 d5 3. exd5 cxd5 4. d4 Nf6 5. Be2 Bg4 6. O-O e6 7. Ne5 Bxe2 8. Qxe2 Be7 9. Qb5+ Nbd7 10. Qxb7 Nxe5 11. dxe5 Ng4 12. Qc6+ Kf8 13. Qc3 d4 14. Qg3 h5 15. Rd1 Bh4 16. Qa3+ Kg8 17. g3 Bg5 18. Bxg5 Qxg5 19. Rxd4 Qxe5 20. Qd3 Qe1+ 21. Qf1 Qxf1+ 22. Kxf1 Nxh2+ 23. Kg2 Ng4 24. Nc3 g6 25. Rad1 Kg7 26. a4 Nf6 27. Ne4 h4 28. Nxf6 Kxf6 29. Rxh4 Rad8 30. Rxh8 Rxh8 31. c4 Rb8 32. Rd2 Rb4 33. c5 Rxa4 34. Rc2 Rb4 35. c6 Rb8 36. c7 Rc8 37. b4 Ke7 38. Kf3 Kd7 39. Ke4 Kd6 40. Rd2+ Kc6 41. Ke5 Kb5 42. Kd6 Kb6 43. Rc2 Kb7 44. Ke7 Rxc7+ 45. Rxc7+ Kxc7 46. Kxf7 Kb6 47. Kxg6 Kb5 48. g4 Kxb4 49. g5 a5 50. Kf7 a4 51. g6 a3 52. g7 a2 53. g8=Q a1=Q 54. Qb8+ Kc4 55. Qc8+ Kd3 56. f4 Qa7+ 57. Kf6 Qd4+ 58. Kxe6 Qe4+ 59. Kf6 Qxf4+ 60. Qf5+ Qxf5+ 61. Kxf5 1/2-1/2